Štruktúra a vlastnosti vlákien

Bibliographic Details
Main Author: Jambrich, Martin, 1927-2017 (Author)
Format: Book
Language:Slovak
PhysicalDescription:283 s., 18,062 AH Tb. Sch. Fot. 29 cm
Published: Bratislava S.l. Slovenská vysoká škola technická 1983
Edition:1. vyd.

MARC

LEADER 00000nam a2200000 a 4500
001 vtls001092776
003 SK-MaSNL
005 20260302062706.0
008 250414s1983 xo 0 slo
015 |a SNBA1983/11 
035 |a SNK000035618 
040 |a SNK  |b slo  |c SNK  |e AACR2 
041 0 |a slo 
044 |a xo  |c SK 
080 |a 677.4(075.8)  |2 1981 
100 1 |a Jambrich, Martin,  |d 1927-2017  |4 aut  |9 206036 
245 1 0 |a Štruktúra a vlastnosti vlákien  |c Martin Jambrich 
250 |a 1. vyd. 
260 |a Bratislava  |b Slovenská vysoká škola technická  |a S.l.  |c 1983  |e Bratislava  |f Edičné stredisko SVŠT 
300 |a 283 s., 18,062 AH  |b Tb. Sch. Fot.  |c 29 cm 
366 |e 100 výtl. 
500 |a Lit. 80. Schválilo MŠ SSR ako skriptum. Rozmn. 80 zázn. v slov., ruš., angl., nem. a poľ. 
852 |a Slovenská národná knižnica 
958 |a OND 
958 |a NB 
958 |a RM 
958 |a UV 
999 |c 1130213  |d 1132143 
952 |a SNK  |b SNK  |y PREZ  |7 0  |p 17A0778928  |o snkSB 36750  |0 0  |1 0  |4 0  |d 2012-04-02  |f 1  |l 0  |r 2025-04-15 00:00:00  |w 2026-02-24 
952 |t P60, <04>, [BOOK], {604}  |a SNK  |b SNK  |y VYP  |7 0  |p 17A0209314  |o snkSB 36750 D1  |0 0  |1 0  |4 0  |d 1999-09-07  |l 0  |r 2004-12-31 00:00:00  |w 2026-02-24